000 00675nam a22001817a 4500
005 20251108164854.0
008 250721s1994 xx 000 0 ara d
082 1 4 _a371.92/ماي
100 1 _aمايلز، كريستين
245 1 0 _aالتربية المختصة :
_bدليل المعلم لتعليم الأطفال المعوقين عقليا /
264 1 _aنيقوسيا :
_bورشة الموارد العربية للرعاية الصحية وتنمية المجتمع،
_c1994.
300 _a308ص
650 1 7 _aالتعليم الخاص
650 1 7 _aالمعوقون
700 1 _aالرزاز، عفيف
_eترجمة
942 _2ddc
_cBK
999 _c16356
_d16356